<?xml version="1.0" encoding="UTF-8"?>
<record
    xmlns:xsi="http://www.w3.org/2001/XMLSchema-instance"
    xsi:schemaLocation="http://www.loc.gov/MARC21/slim http://www.loc.gov/standards/marcxml/schema/MARC21slim.xsd"
    xmlns="http://www.loc.gov/MARC21/slim">

  <leader>03515    a2200205   4500</leader>
  <controlfield tag="001">54543</controlfield>
  <controlfield tag="005">20260407155819.0</controlfield>
  <controlfield tag="008">260407a1968    arg                 spa d</controlfield>
  <controlfield tag="003">AR-UNSa-BCEJYS</controlfield>
  <datafield tag="040" ind1=" " ind2=" ">
    <subfield code="a">AR-UNSa-BCEJYS</subfield>
    <subfield code="b">spa</subfield>
    <subfield code="c">AR-UNSa-BCEJYS</subfield>
  </datafield>
  <datafield tag="080" ind1=" " ind2=" ">
    <subfield code="a">330.1</subfield>
    <subfield code="x">Ciencia econ&#xF3;mica. Conceptos fundamentales de teor&#xED;a econ&#xF3;mica. Valor. Capital. Fondos</subfield>
  </datafield>
  <datafield tag="245" ind1="1" ind2="0">
    <subfield code="a">Lecciones de teor&#xED;a econ&#xF3;mica</subfield>
    <subfield code="p">microeconom&#xED;a: consumo, producci&#xF3;n, precios y rentas</subfield>
  </datafield>
  <datafield tag="264" ind1=" " ind2="1">
    <subfield code="a">Madrid :</subfield>
    <subfield code="b">Aguilar</subfield>
    <subfield code="c">1968</subfield>
  </datafield>
  <datafield tag="300" ind1=" " ind2=" ">
    <subfield code="a">xxiv, 739 p.</subfield>
    <subfield code="c">24 cm.</subfield>
  </datafield>
  <datafield tag="505" ind1=" " ind2=" ">
    <subfield code="a">Primera parte: Preliminares - 1. La ciencia de la Econom&#xED;a - 2. Las ciencias de la Econom&#xED;a.La teor&#xED;a econ&#xF3;mica - 3. Las leyes y los fines de la teor&#xED;a econ&#xF3;mica - 4. Relaciones de la econom&#xED;a y de la teor&#xED;a econ&#xF3;mica con otras ciencias - 5. El m&#xE9;todo en la teor&#xED;a econ&#xF3;mica - 6. Las magnitudes econ&#xF3;micas - 7. El tiempo como factor en la metodolog&#xED;a econ&#xF3;mica - 8. Los supuestos de la teor&#xED;a econ&#xF3;mica - Segunda parte: El consumo - 9. El objeto de las relaciones econ&#xF3;micas - 10. La utilidad - 11. La funci&#xF3;n &#xED;ndice de utilidad - 12. la relaci&#xF3;n marginal de sustituci&#xF3;n - 13. El equilibrio general del consumidor - 14. Las variaciones de la demanda seg&#xFA;n la renta - 15. An&#xE1;lisis de las variaciones de la demanda seg&#xFA;n el precio - 16. La Ley de la demanda - 17. Las relaciones entre los bienes en el consumo - 18. Complementos a la teor&#xED;a de la demanda - 19. La teor&#xED;a de la preferencia revelada - 20. La diferenciaci&#xF3;n temporal en el consumo - Tercera parte: La producci&#xF3;n - 21. La producci&#xF3;n en el aspecto t&#xE9;cnico - 22. El rendimiento t&#xE9;cnico de la producci&#xF3;n - 23. La producci&#xF3;n en el aspecto econ&#xF3;mico - 24. La adaptaci&#xF3;n parcial de la empresa al volumen de la producci&#xF3;n - 25. La discontinuidad de los medios de producci&#xF3;n - 26. La adaptaci&#xF3;n total de la empresa al volumnen de la producci&#xF3;n - 27. El equilibrio de la empresa - 28. La demanda de los medios de producci&#xF3;n - 29. El equilibrio de la industria - 30. El equilibrio de la producci&#xF3;n conjunta - 31. Los costes en la producci&#xF3;n conjunta - 32. La programaci&#xF3;n lineal de la producci&#xF3;n - 33. El factor temporal de la producci&#xF3;n - Cuarta parte: La formaci&#xF3;n de los precios - 34. El equilibrio general del cambio - 35. Los precios y los mercados - 36. El precio bajo la libre concurrencia - 37. Los monopolios - 38. El monopolio bilateral - 39. El duopolio de oferta - 40. El oligopolio de oferta - 41. El monopolio parcial - 42. La competencia imperfecta - 43. El mercado distribuido en clientelas  - 44. La teor&#xED;a de los juegos - 45. Resoluci&#xF3;n de juegos de dos personas con suma nula - 46. Aplicaciones de la teor&#xED;a de los juegos - 47. La regulaci&#xF3;n oficial del mercado - 48. La interdependencia de los precios - Quinta parte: La formaci&#xF3;n de las rentas - 49. Las leyes de la distribuci&#xF3;n bajo la libre concurrencia - 50. La formaci&#xF3;n de los precios de los factores - 51. Las leyes de la distribuci&#xF3;n bajo condiciones monopol&#xED;sticas - 52. Los agentes naturales y su retribuci&#xF3;n - 53. La renta de la tierra - 54. La demnada de trabajo - 55. La oferta de trabajo y la formaci&#xF3;n del salario - 56. El capital y el inter&#xE9;s - 57. El capital en el proceso productivo - 58. La determinaci&#xF3;n del tipo de inter&#xE9;s en una econom&#xED;a real - 59. El beneficio del empresario - 60. La participaci&#xF3;n relativa de los factores de la renta nacional</subfield>
  </datafield>
  <datafield tag="041" ind1=" " ind2=" ">
    <subfield code="a">spa</subfield>
  </datafield>
  <datafield tag="942" ind1=" " ind2=" ">
    <subfield code="c">BK</subfield>
  </datafield>
  <datafield tag="590" ind1=" " ind2=" ">
    <subfield code="a">niveau_biblio:m niveau_hierar:0</subfield>
  </datafield>
  <datafield tag="100" ind1="1" ind2=" ">
    <subfield code="a">Casta&#xF1;eda, Jos&#xE9;</subfield>
  </datafield>
  <datafield tag="999" ind1=" " ind2=" ">
    <subfield code="c">5623</subfield>
    <subfield code="d">5623</subfield>
  </datafield>
  <datafield tag="952" ind1=" " ind2=" ">
    <subfield code="0">0</subfield>
    <subfield code="1">0</subfield>
    <subfield code="4">0</subfield>
    <subfield code="7">0</subfield>
    <subfield code="a">BCEJYS</subfield>
    <subfield code="b">BCEJYS</subfield>
    <subfield code="c">16</subfield>
    <subfield code="d">2026-04-07</subfield>
    <subfield code="l">0</subfield>
    <subfield code="o">330.1 C346</subfield>
    <subfield code="p">L24501</subfield>
    <subfield code="r">2026-04-07 15:58:19</subfield>
    <subfield code="w">2026-04-07</subfield>
    <subfield code="y">L</subfield>
  </datafield>
  <datafield tag="952" ind1=" " ind2=" ">
    <subfield code="0">0</subfield>
    <subfield code="1">0</subfield>
    <subfield code="4">0</subfield>
    <subfield code="7">0</subfield>
    <subfield code="a">BCEJYS</subfield>
    <subfield code="b">BCEJYS</subfield>
    <subfield code="c">16</subfield>
    <subfield code="d">2026-04-07</subfield>
    <subfield code="l">0</subfield>
    <subfield code="o">330.1 C346</subfield>
    <subfield code="p">L24502</subfield>
    <subfield code="r">2026-04-07 15:58:19</subfield>
    <subfield code="w">2026-04-07</subfield>
    <subfield code="y">L</subfield>
  </datafield>
</record>
